Loreto College Library, Kolkata
WEBOPAC (ONLINE PUBLIC ACCESS CATALOGUE)

Writing and learning across the curriculum11-16 (Record no. 27731)

MARC details
000 -LEADER
fixed length control field 00554nam a2200193Ia 4500
008 - FIXED-LENGTH DATA ELEMENTS--GENERAL INFORMATION
fixed length control field 131103s9999 xx 000 0 und d
020 ## - ISBN | অাই এস বি এন
ISBN | অাই এস বি এন 706234987
040 ## - CATALOGING SOURCE
Original cataloging agency Loreto College
041 ## - LANGUAGE CODE
Language code English
082 ## - DDC | ডিউই
Classification number | বর্গসংখ্যা 420.7/MAR
Book Number | গ্রন্থাঙ্ক LCBED/8435
100 ## - MAIN ENTRY--PERSONAL NAME | মুখ্য সংলেখ - ব্যাক্তিনাম
Personal name | ব্যাক্তিনাম Martin, Nancy
245 ## - TITLE STATEMENT | অাখ্যা বিবরণী
Title | অাখ্যা Writing and learning across the curriculum11-16
Statement of responsibility | লেখকের দায়িত্বের বিবরণ Nancy Martin 7& others
260 ## - IMPRINT | প্রকাশনা ক্ষেত্র
Place of publication | প্রকাশ স্থান England
Name of publisher | প্রকাশকের নাম Ward Lock Educational
Date of publication | প্রকাশ কাল 1976
300 ## - PHYSICAL DESCRIPTION |
Page / Vol. No | পৃষ্ঠা / খন্ড সংখ্যা 176p.
504 ## - BIBLIOGRAPHY, ETC. NOTE
Bibliography, etc Includes bibliography & index
700 ## - ADDED ENTRY--PERSONAL NAME | অতিরিক্ত সংলেখ - ব্
Personal name | ব্যাক্তিনাম D'Arcy, Pat
850 ## - HOLDING INSTITUTION
Holding institution LCBED/420.7/MAR
942 ## - ADDED ENTRY ELEMENTS (KOHA)
Koha item type Books
Holdings
Withdrawn status Lost status Damaged status Not for loan Home library Current library Date acquired Total Checkouts Full call number Accession No. Date last seen Price effective from Koha item type
        Loreto College Loreto College 04/11/2013   420.7/MAR LCBED/8435 B30576 04/11/2013 04/11/2013 Books